Les prénoms des Académiciens du XXe siècle - Statistiques

Statistiques générales
  • Ce quiz a été pris 32 fois
  • Le résultat moyen est 168 sur 205
Statistiques - réponses
Hint Spécialité Année d'élection Initiales Réponse % Correct
Fauteuil 2 Homme politique et historien 1955 F {François} Albert-Buisson
100%
Fauteuil 12 Romancier et dramaturge 1918 F {François} de Curel
100%
Fauteuil 1 Historien 1997 F {François} Furet
100%
Fauteuil 38 Biologiste 1996 F {François} Jacob
100%
Fauteuil 22 Ecrivain 1933 F {François} Mauriac
100%
Fauteuil 10 Romancier et dramaturge 1909 J {Jean} Aicard
100%
Fauteuil 25 Médecin 1975 J {Jean} Bernard
100%
Fauteuil 31 Dessinateur, dramaturge et cinéaste 1955 J {Jean} Cocteau
100%
Fauteuil 37 Prêtre et Théologien 1972 J {Jean} Daniélou
100%
Fauteuil 17 Médecin et Ecrivain 1959 J {Jean} Delay
100%
Fauteuil 12 Ecrivain 1973 J {Jean} d'Ormesson
100%
Fauteuil 31 Ecrivain 1978 J {Jean} Dutourd
100%
Fauteuil 36 Homme politique et écrivain 1992 J-F {Jean-François} Deniau
100%
Fauteuil 24 Journaliste et essayiste 1997 J-F {Jean-François} Revel
100%
Fauteuil 9 Ecrivain 1962 J {Jean} Guéhenno
100%
Fauteuil 10 Philosophe 1961 J {Jean} Guitton
100%
Fauteuil 4 Médecin et essayiste 1985 J {Jean} Hamburger
100%
Fauteuil 38 Romancier 1986 J-L {Jean-Louis} Curtis
100%
Fauteuil 33 Historien d'art et écrivain 1950 J-L {Jean-Louis} Vaudoyer
100%
Fauteuil 14 Diplomate et écrivain 1966 J {Jean} Mistler
100%
Fauteuil 6 Ecrivain 1963 J {Jean} Paulhan
100%
Fauteuil 2 Poète, romancier et dramaturge 1908 J {Jean} Richepin
100%
Fauteuil 8 Ecrivain 1959 J {Jean} Rostand
100%
Fauteuil 4 Ecrivain 1946 J {Jean} Tharaud
100%
Fauteuil 2 Pasteur protestant 1962 M {Marc} Boegner
100%
Fauteuil 21 Dramaturge et cinéaste 1959 M {Marcel} Achard
100%
Fauteuil 26 Ecrivain 1968 M {Marcel} Arland
100%
Fauteuil 33 Romancier 1964 M {Marcel} Brion
100%
Fauteuil 25 Dramaturge et cinéaste 1946 M {Marcel} Pagnol
100%
Fauteuil 9 Romancier et dramaturge 1909 M {Marcel} Prévost
100%
Fauteuil 6 Historien de l'art et la littérature 1995 M {Marc} Fumaroli
100%
Fauteuil 13 Dramaturge 1946 P {Paul} Claudel
100%
Fauteuil 11 Historien et essayiste 1940 P {Paul} Hazard
100%
Fauteuil 11 Diplomate 1968 P {Paul} Morand
100%
Fauteuil 38 Ecrivain et poète 1925 P {Paul} Valéry
100%
Fauteuil 40 Diplomate et Ecrivain 1988 P-J {Pierre-Jean} Remy
100%
Fauteuil 3 Homme politique 1918 G {Georges} Clémenceau
96%
Fauteuil 6 Dramaturge et romancier 1923 G {Georges} de Porto-Riche
96%
Fauteuil 26 Historien 1987 G {Georges} Duby
96%
Fauteuil 30 Médecin et Poète 1935 G {Georges} Duhamel
96%
Fauteuil 40 Philologue et historien des religions 1978 G {Georges} Dumézil
96%
Fauteuil 11 Historien et essayiste 1922 G {Georges} Goyau
96%
Fauteuil 32 Cardinal 1936 G {Georges} Grente
96%
Fauteuil 32 Homme politique et avocat 1971 G {Georges} Izard
96%
Fauteuil 17 Historien 1924 G {Georges} Lecomte
96%
Fauteuil 5 Professeur 1998 G {Georges} Vedel
96%
Fauteuil 28 Avocat 1907 H {Henri} Barboux
96%
Fauteuil 7 Philosophe 1914 H {Henri} Bergson
96%
Fauteuil 36 Prêtre - Historien 1923 H {Henri} Bremond
96%
Fauteuil 39 Ecrivain et poète 1911 H {Henri} de Régnier
96%
Fauteuil 23 Philosophe et historien 1979 H {Henri} Gouhier
96%
Fauteuil 32 Historien de la littérature 1960 H {Henri} Massis
96%
Fauteuil 38 Médecin et historien 1946 H {Henri} Mondor
96%
Fauteuil 7 Ecrivain 1955 H {Henri} Petiot dit Daniel-Rops
96%
Fauteuil 24 Mathématicien 1908 H {Henri} Poincaré
96%
Fauteuil 28 Ecrivain 1959 H {Henri} Troyat
96%
Fauteuil 38 Ingénieur 1963 L {Louis} Armand
96%
Fauteuil 28 Homme politique 1918 L {Louis} Barthou
96%
Fauteuil 4 Romancier 1925 L {Louis} Bertrand
96%
Fauteuil 1 Mathématicien 1944 L {Louis} de Broglie
96%
Fauteuil 36 Chanoine - Philologue 1910 L {Louis} Duchesne
96%
Fauteuil 14 Officier - Maréchal de France 1934 L {Louis} Franchet d'Espèrey
96%
Fauteuil 13 Historien de l'art 1935 L {Louis} Gillet
96%
Fauteuil 35 Physicien 1966 L {Louis} Leprince-Ringuet
96%
Fauteuil 5 Historien et homme politique 1927 L {Louis} Madelin
96%
Fauteuil 24 Médecin 1944 L {Louis} Pasteur Vallery-Radot
96%
Fauteuil 1 Homme politique 1988 M {Michel} Debré
96%
Fauteuil 8 Dramaturge et écrivain 1978 M {Michel} Déon
96%
Fauteuil 27 Ecrivain 1980 M {Michel} Droit
96%
Fauteuil 33 Ecrivain 1985 M {Michel} Mohrt
96%
Fauteuil 18 Philosophe 1990 M {Michel} Serres
96%
Fauteuil 6 Ecrivain 1931 P {Pierre} Benoit
96%
Fauteuil 37 Avocat et Historien 1914 P {Pierre} de La Gorce
96%
Fauteuil 32 Historien et Poète 1922 P {Pierre} de Nolhac
96%
Fauteuil 5 Ecrivain et historien 1907 P {Pierre} de Ségur
96%
Fauteuil 4 Poète 1968 P {Pierre} Emmanuel
96%
Fauteuil 36 Historien 1953 P {Pierre} Gaxotte
96%
Fauteuil 7 Historien de la littérature 1966 P-H {Pierre-Henri} Simon
96%
Fauteuil 13 Homme politique 1999 P {Pierre} Messmer
96%
Fauteuil 19 Ecrivain 1982 P {Pierre} Moinot
96%
Fauteuil 23 Historien de l'art 1995 P {Pierre} Rosenberg
96%
Fauteuil 22 Dramaturge 1909 E {Eugène} Brieux
93%
Fauteuil 6 Dramaturge et écrivain 1970 E {Eugène} Ionesco
93%
Fauteuil 37 Cardinal 1961 E {Eugène} Tisserant
93%
Fauteuil 34 Historien 1935 J {Jacques} Bainville
93%
Fauteuil 40 Historien 1956 J {Jacques} Chastenet
93%
Fauteuil 34 Diplomate et Ecrivain 1981 J {Jacques} de Bourbon Busset
93%
Fauteuil 39 Ecrivain 1936 J {Jacques} de Lacretelle
93%
Fauteuil 15 Journaliste et romancier 1986 J {Jacques} Laurent
93%
Fauteuil 31 Economiste 1964 J {Jacques} Rueff
93%
Fauteuil 36 Ethnologue 1983 J {Jacques} Soustelle
93%
Fauteuil 38 Journaliste et romancier 1972 J-J {Jean-Jacques} Gautier
93%
Fauteuil 18 Officier - Maréchal de France 1929 P {Philippe} Pétain
93%
Fauteuil 30 Professeur et Romancier 1903 R {René} Bazin
93%
Fauteuil 23 Ecrivain 1918 R {René} Boylesve
93%
Fauteuil 19 Ecrivain et cinéaste 1960 R {René} Clair
93%
Fauteuil 2 Historien 1972 R {René} de La Croix de Castries
93%
Fauteuil 22 Dramaturge 1999 R {René} de Obaldia
93%
Fauteuil 26 Ecrivain 1909 R {René} Doumic
93%
Fauteuil 36 Historien 1946 R {René} Grousset
93%
Fauteuil 5 Historien 1960 R {René} Huyghe
93%
Fauteuil 1 Historien 1998 R {René} Rémond
93%
Fauteuil 19 Diplomate et écrivain 1946 C {Charles} de Chambrun
89%
Fauteuil 19 Homme politique 1923 C {Charles} Jonnart
89%
Fauteuil 12 Poète et écrivain 1930 C {Charles} Le Goffic
89%
Fauteuil 16 Homme politique et écrivain 1938 C {Charles} Maurras
89%
Fauteuil 36 Poète 1935 A {André} Bellessort
86%
Fauteuil 15 Historien 1956 A {André} Chamson
86%
Fauteuil 3 Journaliste 1930 A {André} Chaumeix
86%
Fauteuil 21 Ecrivain 1920 A {André} Chevrillon
86%
Fauteuil 18 Diplomate et homme politique 1952 A {André} François-Poncet
86%
Fauteuil 2 Journaliste et essayiste 1987 A {André} Frossard
86%
Fauteuil 26 Romancier 1938 A {André} Maurois
86%
Fauteuil 7 Dramaturge 1973 A {André} Roussin
86%
Fauteuil 29 Historien et sociologue 1944 A {André} Siegfried
86%
Fauteuil 16 Romancier et Historien 1953 A {Antoine} de Lévis-Mirepoix
86%
Fauteuil 28 Ecrivain 1935 C {Claude} Farrère
86%
Fauteuil 29 Ethnologue 1973 C {Claude} Lévi-Strauss
86%
Fauteuil 33 Ecrivain 1936 E {Edmond} Jaloux
86%
Fauteuil 31 Dramaturge et écrivain 1901 E {Edmond} Rostand
86%
Fauteuil 17 Officier et Océanographe 1988 J-Y {Jacques-Yves} Cousteau
86%
Fauteuil 40 Diplomate 1918 J {Jules} Cambon
86%
Fauteuil 12 Poète et écrivain 1946 J {Jules} Romains
86%
Fauteuil 4 Ecrivain et homme politique 1906 M {Maurice} Barrès
86%
Fauteuil 37 Physicien 1934 M {Maurice} de Broglie
86%
Fauteuil 25 Dramaturge et poète 1907 M {Maurice} Donnay
86%
Fauteuil 30 Homme politique et Historien 1966 M {Maurice} Druon
86%
Fauteuil 11 Avocat 1946 M {Maurice} Garçon
86%
Fauteuil 34 Ecrivain 1946 M {Maurice} Genevoix
86%
Fauteuil 19 Diplomate et historien 1928 M {Maurice} Paléologue
86%
Fauteuil 32 Commissaire-priseur et historien 1976 M {Maurice} Rheims
86%
Fauteuil 13 Homme politique 1974 M {Maurice} Schumann
86%
Fauteuil 9 Journaliste et historien 1979 A {Alain} Decaux
82%
Fauteuil 11 Homme politique 1977 A {Alain} Peyrefitte
82%
Fauteuil 16 Avocat et historien 1923 H-R {Henri-Robert}
82%
Fauteuil 20 Avocat et écrivain 1990 J {José} Cabanis
82%
Fauteuil 31 Philologue 1920 J {Joseph} Bédier
82%
Fauteuil 34 Ecrivain 1936 J {Joseph} de Pesquidoux
82%
Fauteuil 35 Officier - Maréchal de France 1918 J {Joseph} Joffre
82%
Fauteuil 27 Romancier 1962 J {Joseph} Kessel
82%
Fauteuil 32 Ecrivain 1974 R {Robert} Aron
82%
Fauteuil 5 Dramaturge 1920 R {Robert} de Flers
82%
Fauteuil 14 Essayiste 1946 R {Robert} d'Harcourt
82%
Fauteuil 5 Journaliste 1956 R {Robert} Kemp
82%
Fauteuil 22 Ecrivain 1971 J {Julien} Green
79%
Fauteuil 16 Homme politique et Poète 1983 L {Léopold} Sédar Senghor
79%
Fauteuil 3 Ecrivaine * 1980 M {Marguerite} Yourcenar
79%
Fauteuil 34 Avocat, président de la République 1909 R {Raymond} Poincaré
79%
Fauteuil 32 Philosophe 1912 E {Émile} Boutroux
75%
Fauteuil 34 Historien d'art 1904 E {Émile} Gebhart
75%
Fauteuil 9 Poète et écrivain 1945 E {Émile} Henriot
75%
Fauteuil 2 Historien d'art 1927 E {Emile} Mâle
75%
Fauteuil 1 Mathématicien 1924 E {Emile} Picard
75%
Fauteuil 13 Peintre 1924 A {Albert} Besnard
71%
Fauteuil 4 Cardinal 1993 A {Albert} Decourtray
71%
Fauteuil 24 Romancier 1923 E {Édouard} Estaunié
71%
Fauteuil 8 Homme politique 1946 E {Édouard} Herriot
71%
Fauteuil 7 Philosophe 1945 E {Édouard} Le Roy
71%
Fauteuil 17 Ecrivain 1998 E {Erik} Orsenna
71%
Fauteuil 23 Philosophe et historien 1946 E {Étienne} Gilson
71%
Fauteuil 21 Avocat et homme politique 1905 E {Étienne} Lamy
71%
Fauteuil 24 Biologiste 1971 E {Étienne} Wolff
71%
Fauteuil 18 Officier - Maréchal de France 1918 F {Ferdinand} Foch
71%
Fauteuil 4 Cardinal 1995 J-M {Jean-Marie} Lustiger
71%
Fauteuil 26 Romancier 1997 J-M {Jean-Marie} Rouart
71%
Fauteuil 3 Avocat et écrivain 1989 J-D {Jean-Denis} Bredin
68%
Fauteuil 14 Femme politique et historienne 1990 H {Hélène} Carrère d'Encausse
64%
Fauteuil 20 Ecrivain 1919 H {Henry} Bordeaux
64%
Fauteuil 29 Dramaturge et Romancier 1960 H {Henry} de Montherlant
64%
Fauteuil 28 Romancier 1911 H {Henry} Roujon
64%
Fauteuil 15 Historien 1984 F {Fernand} Braudel
61%
Fauteuil 19 Poète 1953 F {Fernand} Gregh
61%
Fauteuil 17 Historien 1903 F {Frédéric} Masson
61%
Fauteuil 14 Officier - Maréchal de France 1912 H {Hubert} Lyautey
61%
Fauteuil 3 Ecrivain et sociologue 1971 R {Roger} Caillois
61%
Fauteuil 16 Homme politique 1906 A {Alexandre} Ribot
57%
Fauteuil 39 Romancier 1986 B {Bertrand} Poirot-Delpech
54%
Fauteuil 18 Homme politique 1978 E {Edgar} Faure
54%
Fauteuil 10 Avocat 1934 L {Léon} Bérard
54%
Fauteuil 20 Ecrivain 1964 T {Thierry} Maulnier
54%
Fauteuil 4 Officier - Maréchal de France 1952 A {Alphonse} Juin
50%
Fauteuil 18 Diplomate et archéologue 1901 C-J-M {Charles-Jean-Melchior} de Vogüé
50%
Fauteuil 3 Historien 1955 J {Jérôme} Carcopino
50%
Fauteuil 31 Ecrivain 1938 J {Jérôme} Tharaud
50%
Fauteuil 27 Historien 1925 A {Auguste} de La Force
46%
Fauteuil 15 Ecrivain 1946 E {Ernest} Seillière
46%
Fauteuil 40 Diplomate et Journaliste 1908 F {Francis} Charmes
46%
Fauteuil 40 Amiral et homme politique 1936 L {Lucien} Lacaze
46%
Fauteuil 30 Historien 1932 T {Théodore} Gosselin dit G. Lenotre
46%
Fauteuil 7 Philologue et essayiste * 1988 J {Jacqueline} de Romilly
43%
Fauteuil 35 Général 1931 M {Maxime} Weygand
43%
Fauteuil 8 Cardinal 1918 A {Alfred} Baudrillart
39%
Fauteuil 24 Dramaturge et Romancier 1914 A {Alfred} Capus
39%
Fauteuil 10 Ecrivaine * 2000 F {Florence} Delay
36%
Fauteuil 2 Journaliste 1996 H {Hector} Bianciotti
36%
Fauteuil 21 Romancier 1975 F {Félicien} Marceau
29%
Fauteuil 8 Historien 1946 O {Octave} Aubry
29%
Fauteuil 10 Philologue et historien 1924 C {Camille} Jullian
25%
Fauteuil 37 Prêtre et écrivain 1975 A-M {Ambroise-Marie} Carré
21%
Fauteuil 32 Général 1911 H {Hippolyte} Langlois
21%
Fauteuil 13 Diplomate et écrivain 1956 W {Wladimir} d'Ormesson
21%
Fauteuil 12 Homme politique 1932 A {Abel} Bonnard
11%
Fauteuil 23 Ecrivain et dramaturge 1927 A {Abel} Hermant
11%
Fauteuil 11 Homme politique 1911 D {Denys} Cochin
7%
Fauteuil 36 Cardinal 1906 F-D {François-Désiré} Mathieu
4%
Aucun quiz correspondant
Distribution des résultats
% des personnes avec chaque résultat
Percentile par nombre de réponses
Votre historique - résultats
Vous n’avez pas pris ce quiz